01131 2200517 4500001002100000008004100021035002000062245006000082100002800142250000600170260003000176300001200206084001400218082000800232650001300240990001200253990001200265990001200277990001200289990001200301990001200313990001200325990001200337990001200349990001200361990001200373990001200385990001200397990001200409990001200421990001200433990001200445990001200457990001200469990001200481990001200493990001200505990001200517990001200529990001200541990001200553990001200565990001200577990001200589990001200601INLIS000000000000770 ind  a0010-0524000005 aFokus UTBK SBMPTN 2020 SAINTEKcTim Erlangga Fokus UTBK aTim Erlangga Fokus UTBK a1 aJakarta :bErlanggac2019 a485 hlm a500 TIM f a500 aNonFiksi a0740224 a0740225 a0740226 a0740227 a0740228 a0740229 a0740230 a0740231 a0740232 a0740233 a0740234 a0740235 a0740236 a0740237 a0740238 a0740239 a0740240 a0740241 a0740242 a0740243 a0740244 a0740245 a0740246 a0740247 a0740248 a0740249 a0740250 a0740251 a0740252 a0740253